000 00405nam a2200181Ia 4500
005 20250603145820.0
008 250603s9999 xx 000 0 und d
020 _a9788181894991
050 _aQR 41.2 .S56/
100 _aSingh, Vinod
245 0 _aTextbook of Bacteriology
260 _aIndia
260 _bibdc Publishers
260 _c2010
300 _a665 p
650 _aIndia
942 _cBK
999 _c42942
_d42942